| 000 | 00677cam a22002291 4500 | ||
|---|---|---|---|
| 001 | af 48003395 | ||
| 003 | DLC | ||
| 005 | 20260227110902.0 | ||
| 008 | 890404s1943 be 000 1 dut c | ||
| 010 | _aaf 48003395 | ||
| 035 | _a(OCoLC)19495075 | ||
| 040 |
_aCalifornia. Univ. Libr. _cCU _dCU _dDLC |
||
| 041 | 1 |
_adut _hger |
|
| 042 | _apremarc | ||
| 050 | 0 | 0 |
_aPZ13 _b.T8 |
| 100 | 1 |
_aTumler, Franz, _d1912- |
|
| 245 | 1 | 4 |
_aHet dal van Lausa en Duron, _bnovelle. _c[Uit het Duitsch vertaald door Bob Fleischeuer] |
| 260 |
_aBrussel, _bMeddens _c[1943] |
||
| 300 |
_a94 p. _c19 cm. |
||
| 500 | _aTranslation of Das Tal von Lausa und Duron. | ||
| 700 | 1 |
_aFleischeuer, Bob, _etr. |
|
| 999 |
_c5565 _d5565 |
||